000 00693nam a22002177a 4500
003 0
005 20251009145045.0
008 251009b xxu||||| |||| 00| 0 eng d
020 _a978-1-5296-8047-8
050 _aRC 489.C63
_b.L69 2025
245 _aLow-intensity CBT skills & interventions :
_ba practitioner's manual /
_cedited by Paul Farrand.
250 _aSecond edition.
260 _aLondon :
_bSage,
_c2025.
300 _axxii, 381 pages ;
_c25 cm.
504 _aIncludes bibliographical references and index.
650 _aCognitive therapy.
650 _aMental health counseling.
650 _aPsychotherapy
_xMethods.
650 _aMental health services.
942 _2lcc
_cBK
999 _c368208
_d368208